An introduction to composite materials

Main Author: Hull
Other Authors: Clyne,
Published: Cambridge ; New York: Cambridge University Press, 1996.
Edition:2nd ed..
Subjects:
LEADER 00570cam a2200181 7i4500
001 0000041094
005 20050430090000.0
020 # 0 |a 0521381908 (hbk)  
020 # 0 |a 0521388554 (pbk.)  
090 0 0 |a TA 418.9 C6   |b H913 1996 
100 1 # |a Hull  
245 1 3 |a An introduction to composite materials   |c D. Hull and T.W. Clyne. 
250 # # |a 2nd ed.. 
260 # # |a Cambridge ; New York:   |b Cambridge University Press,   |c 1996. 
300 # # |a xvi, 326 p.:   |b ill.;   |c 23 cm.. 
650 0 0 |a Composite materials  
700 1 1 |a Clyne,   |h T.W.  
999 |a 1100031452  |b Book  |c Open Shelf  |e KOLEKSI TERBUKA